THE BOY WHO WAS RAISED AS A DOG (Record no. 12555)

MARC details
000 -LEADER
fixed length control field 00267nam a22000977a 4500
008 - FIXED-LENGTH DATA ELEMENTS--GENERAL INFORMATION
fixed length control field 240404b |||||||| |||| 00| 0 eng d
020 ## - INTERNATIONAL STANDARD BOOK NUMBER
International Standard Book Number 9780465094455
100 ## - MAIN ENTRY--PERSONAL NAME
Personal name PERRY D. BRUCE
9 (RLIN) 7728
245 ## - TITLE STATEMENT
Title THE BOY WHO WAS RAISED AS A DOG
260 ## - PUBLICATION, DISTRIBUTION, ETC. (IMPRINT)
Place of publication, distribution, etc. NEW YORK
Name of publisher, distributor, etc. BASIC BOOKS
Date of publication, distribution, etc. 2017
Holdings
Withdrawn status Lost status Source of classification or shelving scheme Damaged status Koha normalized classification for sorting Not for loan Home library Current library Shelving location Date acquired Total Checkouts Full call number Barcode Date last seen Date last checked out Price effective from Koha item type Total Renewals
    Dewey Decimal Classification   PER_150_000000000000000   Good Samaritan School Library Good Samaritan School Library PSYCHOLOGY 04/04/2024 4 PER150 PER17869 02/09/2026 10/22/2025 04/04/2024 BOOK  
    Dewey Decimal Classification   PER_150_000000000000000   Good Samaritan School Library Good Samaritan School Library PSYCHOLOGY 04/04/2024 4 PER150 PER17870 08/16/2024 07/24/2024 04/04/2024 BOOK 2
    Dewey Decimal Classification   PER_150_000000000000000   Good Samaritan School Library Good Samaritan School Library PSYCHOLOGY 04/04/2024   PER150 PER17837 04/04/2024   04/04/2024 BOOK  

Powered by Koha